[Event "4NCL Division Four"]
[Site "Warwick, ENG"]
[Date "2024.02.11"]
[Round "6.93"]
[White "Veselow, Zoe"]
[Black "Dwek, Ilan G"]
[Result "1/2-1/2"]
[WhiteElo "1449"]
[BlackElo "1706"]
[PlyCount "86"]
[EventDate "2024.02.11"]
[WhiteTeam "She Plays To Win Young Stars A"]
[BlackTeam "English Deaf Chess Association"]

1. e4 c6 2. d4 d5 3. Nc3 dxe4 4. Nxe4 Bf5 5. Ng3 Bg6 6. Nf3 Nd7 7. Be3 Ngf6 8. c4 e6 9. a3 Be7 10. Bd3 Bxd3 11. Qxd3 O-O 12. O-O a6 13. Rad1 Qc7 14. Qc3 Rac8 15. b4 b5 16. c5 Nd5 17. Qd2 Ra8 18. Ne2 a5 19. Nf4 N5f6 20. Qc2 axb4 21. axb4 Ra4 22. Qb2 Rfa8 23. Ra1 Qa7 24. Rxa4 Qxa4 25. Bd2 h6 26. Bc3 g5 27. Nd3 Nd5 28. Nfe5 Nb8 29. Re1 Qa3 30. Qe2 Nf6 31. Ra1 Qxa1+ 32. Bxa1 Rxa1+ 33. Ne1 Nd5 34. Kf1 Bf6 35. Qb2 Ra4 36. Ng4 Bg7 37. Nc2 Na6 38. Nge3 Naxb4 39. Nxd5 Nxd5 40. g3 Rc4 41. Qa2 Ra4 42. Qb2 Rc4 43. Qa2 Ra4 1/2-1/2

[Event "4NCL Division Four"]
[Site "Warwick, ENG"]
[Date "2024.02.11"]
[Round "6.94"]
[White "David, Barry A H"]
[Black "Mouskos, Mia"]
[Result "1-0"]
[WhiteElo "1683"]
[BlackElo "1433"]
[PlyCount "63"]
[EventDate "2024.02.11"]
[WhiteTeam "English Deaf Chess Association"]
[BlackTeam "She Plays To Win Young Stars A"]

1. e4 e6 2. d4 d5 3. e5 c5 4. c3 Nc6 5. Nf3 Bd7 6. Bd3 Rc8 7. O-O cxd4 8. cxd4 Nb4 9. Nc3 Nxd3 10. Qxd3 Ne7 11. a3 a6 12. Bf4 Nf5 13. Rfd1 Qb6 14. b4 Be7 15. Rac1 O-O 16. g4 Nh4 17. Nxh4 Bxh4 18. g5 Qd8 19. Qd2 f6 20. gxf6 gxf6 21. Kh1 fxe5 22. Rg1+ Kh8 23. Bxe5+ Bf6 24. f4 Bxe5 25. fxe5 Be8 26. Qh6 Qe7 27. Nxd5 Bc6 28. Rxc6 exd5 29. Re6 Qd7 30. Rxa6 Qe7 31. Rag6 Rf7 32. e6 1-0

[Event "4NCL Division Four"]
[Site "Warwick, ENG"]
[Date "2024.02.11"]
[Round "6.95"]
[White "Haria-Skuse, Ashwina"]
[Black "Lane, Clifford"]
[Result "1-0"]
[WhiteElo "1454"]
[BlackElo "1493"]
[PlyCount "101"]
[EventDate "2024.02.11"]
[WhiteTeam "She Plays To Win Young Stars A"]
[BlackTeam "English Deaf Chess Association"]

1. Nf3 d5 2. d4 Nc6 3. e3 Nf6 4. c4 e6 5. a3 Be7 6. b4 a6 7. Bb2 O-O 8. Nbd2 Ne4 9. Bd3 f5 10. Ne5 Nxe5 11. dxe5 c6 12. O-O b5 13. c5 Bd7 14. Nb3 Qb8 15. Kh1 Bd8 16. Kg1 Bc7 17. f4 a5 18. Nd4 a4 19. Rb1 Rf7 20. Kh1 Qd8 21. Qe1 Qe7 22. Rc1 Raf8 23. Rc2 Bd8 24. g3 g5 25. Bc1 g4 26. Rg1 h5 27. Rgg2 Rh7 28. Kg1 Kg7 29. Ra2 Rfh8 30. Rac2 h4 31. Bxe4 dxe4 32. Rce2 hxg3 33. Rxg3 Qh4 34. Rgg2 Qh6 35. Qd2 Kf8 36. Nxc6 g3 37. Nxd8 gxh2+ 38. Kh1 Qh3 39. Nxe6+ Bxe6 40. Qd8+ Kf7 41. Qf6+ Ke8 42. Qxe6+ Re7 43. Qg6+ Kd8 44. Rd2+ Rd7 45. Rxd7+ Kxd7 46. Qg3 Qxg3 47. Rxg3 Ke6 48. Rg2 Kd5 49. Rxh2 Rxh2+ 50. Kxh2 Kc4 51. c6 1-0

[Event "4NCL Division Four"]
[Site "Warwick, ENG"]
[Date "2024.02.11"]
[Round "6.96"]
[White "Gibson, Stephen"]
[Black "Mehta, Sophie"]
[Result "0-1"]
[WhiteElo "1508"]
[BlackElo "1475"]
[PlyCount "70"]
[EventDate "2024.02.11"]
[WhiteTeam "English Deaf Chess Association"]
[BlackTeam "She Plays To Win Young Stars A"]

1. e4 c5 2. d4 cxd4 3. c3 d6 4. cxd4 Nf6 5. Nc3 g6 6. Bc4 Bg7 7. Nf3 O-O 8. O-O Nc6 9. h3 Bd7 10. Be3 a6 11. a3 b5 12. Ba2 b4 13. axb4 Nxb4 14. Bc4 Rc8 15. Bxa6 Nxa6 16. Rxa6 Rxc3 17. bxc3 Bb5 18. Qa1 Bxa6 19. Qxa6 Nxe4 20. Qa3 Qa8 21. Ra1 Qxa3 22. Rxa3 Rc8 23. Bd2 Nxd2 24. Nxd2 Bh6 25. Nf3 f6 26. Kf1 e5 27. Ke2 e4 28. Nd2 d5 29. Kd1 f5 30. Kc2 f4 31. Ra6 Rd8 32. Nb3 Re8 33. Nc5 e3 34. fxe3 fxe3 35. Re6 Rxe6 0-1

[Event "4NCL Division Four"]
[Site "Warwick, ENG"]
[Date "2024.02.11"]
[Round "6.101"]
[White "Hutchinson, Joel"]
[Black "Wabuti, Rose"]
[Result "1-0"]
[WhiteElo "1904"]
[BlackElo "1597"]
[PlyCount "71"]
[EventDate "2024.02.11"]
[WhiteTeam "Apprentice Woodpushers"]
[BlackTeam "She Plays To Win Uni"]

1. e4 e6 2. d3 d5 3. Qe2 dxe4 4. dxe4 c5 5. Nf3 Nc6 6. c3 Nf6 7. e5 Nd5 8. g3 Qc7 9. Bg2 a6 10. a4 Be7 11. O-O O-O 12. Nbd2 Bd7 13. h4 b5 14. Rd1 bxa4 15. Ne4 Nxe5 16. Nxe5 Qxe5 17. c4 f5 18. cxd5 fxe4 19. Bxe4 Bb5 20. Bxh7+ Kxh7 21. Qxe5 Bf6 22. Qh5+ Kg8 23. Rb1 Be8 24. Qg4 exd5 25. Rxd5 Rb8 26. Be3 a3 27. Bxc5 a2 28. Ra1 Rxb2 29. Rdd1 Rf7 30. Qc4 Bb5 31. Qd5 Ba4 32. Qa8+ Kh7 33. Qe4+ Kg8 34. Qxa4 Rb8 35. Bd4 Bxd4 36. Rxd4 1-0

[Event "4NCL Division Four"]
[Site "Warwick, ENG"]
[Date "2024.02.11"]
[Round "6.102"]
[White "Singha, Swati"]
[Black "Potter, Steven"]
[Result "1-0"]
[WhiteElo "1545"]
[BlackElo "1879"]
[PlyCount "79"]
[EventDate "2024.02.11"]
[WhiteTeam "She Plays To Win Uni"]
[BlackTeam "Apprentice Woodpushers"]

1. e4 e6 2. d4 b6 3. Nc3 Bb4 4. Nf3 Bb7 5. e5 c5 6. a3 Bxc3+ 7. bxc3 Qc7 8. Bb2 c4 9. Ng5 Bd5 10. Qh5 g6 11. Qh4 h6 12. Ne4 Nc6 13. Nd6+ Kf8 14. Qf4 Rh7 15. Nxc4 g5 16. Qg4 f5 17. Qe2 Nd8 18. Ne3 Bb7 19. Qh5 Nf7 20. Bd3 Nxe5 21. dxe5 Qxe5 22. O-O-O Rc8 23. c4 Qf4 24. Kb1 Be4 25. Bxe4 Qxe4 26. Rhe1 Qc6 27. Qe2 a6 28. Qd3 b5 29. cxb5 axb5 30. g4 Rf7 31. gxf5 Nf6 32. fxe6 dxe6 33. Qd6+ Qxd6 34. Rxd6 Ne4 35. Rxe6 Nd2+ 36. Ka2 Rxf2 37. Rxh6 Rc5 38. Bd4 Rxc2+ 39. Nxc2 Nf3 40. Bxf2 1-0

[Event "4NCL Division Four"]
[Site "Warwick, ENG"]
[Date "2024.02.11"]
[Round "6.103"]
[White "Livesey, R Nigel"]
[Black "Agarwal, Aditi"]
[Result "0-1"]
[WhiteElo "1760"]
[BlackElo "1592"]
[PlyCount "46"]
[EventDate "2024.02.11"]
[WhiteTeam "Apprentice Woodpushers"]
[BlackTeam "She Plays To Win Uni"]

1. c4 Nf6 2. g3 g6 3. Bg2 Bg7 4. Nc3 d6 5. e4 e5 6. Nge2 Nbd7 7. d3 O-O 8. O-O Nc5 9. b4 Ne6 10. Rb1 Bd7 11. h3 c6 12. Be3 Nh5 13. Qd2 Nd4 14. f4 f5 15. Nd1 Nxe2+ 16. Qxe2 Nxg3 17. Qd2 Nxf1 18. Bxf1 exf4 19. Bxf4 Bd4+ 20. Kh1 fxe4 21. dxe4 Be5 22. Bg5 Rxf1+ 23. Kg2 Rxd1 0-1

[Event "4NCL Division Four"]
[Site "Warwick, ENG"]
[Date "2024.02.11"]
[Round "6.104"]
[White "Khunda, Deema"]
[Black "Bokade Chinmay"]
[Result "0-1"]
[WhiteElo "1464"]
[BlackElo "1411"]
[PlyCount "92"]
[EventDate "2024.02.11"]
[WhiteTeam "She Plays To Win Uni"]
[BlackTeam "Apprentice Woodpushers"]

1. d4 Nf6 2. c4 e6 3. Nc3 Bb4 4. Bd2 c5 5. Nf3 cxd4 6. Nxd4 Nc6 7. Nf3 d5 8. cxd5 exd5 9. a3 Ba5 10. e3 Bf5 11. b4 Bc7 12. Bb5 O-O 13. O-O a6 14. Ba4 Qd6 15. Ne2 Bg4 16. Ng3 h5 17. Re1 h4 18. Nf1 Ne5 19. Bc2 h3 20. Bc3 hxg2 21. Bxe5 gxf1=Q+ 22. Kxf1 Qxe5 23. Nxe5 Bxd1 24. Rexd1 Bxe5 25. Rac1 Rac8 26. Rd2 Ne4 27. Re2 Rfd8 28. f3 Nc3 29. Rg2 Kf8 30. Bf5 Rc7 31. Ke1 g6 32. Bh3 Ke7 33. Rgc2 f5 34. f4 Bf6 35. Bg2 Rdc8 36. Bf3 Nb5 37. Rxc7+ Rxc7 38. Rxc7+ Nxc7 39. Kd2 b5 40. Kc2 Kd6 41. Bg2 Na8 42. Bf3 Nb6 43. Be2 Nc4 44. Bxc4 dxc4 45. h3 Kd5 46. h4 Ke4 0-1

[Event "4NCL Division Four"]
[Site "Warwick, ENG"]
[Date "2024.02.11"]
[Round "6.105"]
[White "Altoft, Harry"]
[Black "Ravi, Vash"]
[Result "0-1"]
[WhiteElo "1461"]
[BlackElo "1434"]
[PlyCount "82"]
[EventDate "2024.02.11"]
[WhiteTeam "Apprentice Woodpushers"]
[BlackTeam "She Plays To Win Uni"]

1. c4 e5 2. Nc3 Nf6 3. g3 d5 4. cxd5 Nxd5 5. Bg2 Nxc3 6. bxc3 Bc5 7. Nf3 Nc6 8. d3 h6 9. O-O Rb8 10. Bb2 Be6 11. d4 exd4 12. cxd4 Bf8 13. h3 Qd7 14. Kh2 f6 15. e4 Bc4 16. Re1 Be7 17. a3 O-O 18. Qc2 Bf7 19. Rad1 Na5 20. Nd2 Qb5 21. Bf1 Qb6 22. Nc4 Qb3 23. Qxb3 Nxb3 24. Re3 b5 25. Nd2 Na5 26. Rc1 Rfc8 27. a4 bxa4 28. Ba3 Bxa3 29. Rxa3 Rb2 30. Rxa4 Rxd2 31. Rxa5 Rxf2+ 32. Kg1 Rf3 33. Rxa7 Rxg3+ 34. Kh2 Re3 35. Bg2 Bg6 36. Rcxc7 Rxc7 37. Rxc7 Bxe4 38. Re7 f5 39. d5 Re2 40. d6 Rxg2+ 41. Kh1 Rd2+ 0-1

[Event "4NCL Division Four"]
[Site "Warwick, ENG"]
[Date "2024.02.11"]
[Round "6.106"]
[White "Haridas, Navieinaah"]
[Black "Popova, Svetlana"]
[Result "1-0"]
[WhiteElo "1186"]
[BlackElo "1081"]
[PlyCount "73"]
[EventDate "2024.02.11"]
[WhiteTeam "She Plays To Win Uni"]
[BlackTeam "Apprentice Woodpushers"]

1. e4 e5 2. Nf3 Nc6 3. Bc4 Nf6 4. d3 Bc5 5. O-O O-O 6. Bg5 d6 7. c3 Be6 8. Nbd2 h6 9. Be3 Ng4 10. Bxc5 dxc5 11. Bxe6 fxe6 12. Qb3 Qf6 13. h3 Na5 14. Qb5 b6 15. hxg4 Qf4 16. b4 cxb4 17. cxb4 Nb7 18. Qxe5 Qf7 19. Rac1 Rac8 20. Nd4 Qf4 21. Qxe6+ Kh8 22. N2f3 c5 23. Ne5 Qg5 24. Ng6+ Kh7 25. Nxf8+ Rxf8 26. bxc5 Nxc5 27. Qd5 Nxd3 28. Qxg5 hxg5 29. Rc7 a5 30. Nf5 Rxf5 31. gxf5 Nf4 32. Rd1 b5 33. Rdd7 Kh6 34. g4 Nh3+ 35. Kf1 b4 36. Rxg7 b3 37. Rh7# 1-0

[Event "4NCL Division Four"]
[Site "Warwick, ENG"]
[Date "2024.02.11"]
[Round "6.111"]
[White "Singh, Avyanna"]
[Black "Nelson, Omowale"]
[Result "0-1"]
[WhiteElo "1356"]
[BlackElo "1949"]
[PlyCount "56"]
[EventDate "2024.02.11"]
[WhiteTeam "She Plays To Win Young Stars B"]
[BlackTeam "Watford A"]

1. e4 c6 2. Nc3 d5 3. Nf3 Bg4 4. h3 Bxf3 5. Qxf3 e6 6. d3 Qb6 7. Be2 d4 8. Nd1 Nf6 9. c3 c5 10. O-O Nc6 11. Qg3 g6 12. Bd2 Bg7 13. a3 a5 14. Rb1 a4 15. b3 axb3 16. Nb2 O-O 17. Nc4 Qa6 18. a4 b5 19. axb5 Qxb5 20. f4 Ra2 21. Bd1 Na5 22. cxd4 Nxe4 23. dxe4 Bxd4+ 24. Kh1 Nxc4 25. Rxb3 Qa6 26. Bc3 Nd2 27. Bxd2 Qxf1+ 28. Kh2 Qg1# 0-1

[Event "4NCL Division Four"]
[Site "Warwick, ENG"]
[Date "2024.02.11"]
[Round "6.112"]
[White "Rubeck, Jonathan"]
[Black "Scott, Jane"]
[Result "1-0"]
[WhiteElo "1945"]
[BlackElo "1307"]
[PlyCount "117"]
[EventDate "2024.02.11"]
[WhiteTeam "Watford A"]
[BlackTeam "She Plays To Win Young Stars B"]

1. e4 e5 2. Nf3 Nc6 3. d4 exd4 4. Bc4 Nf6 5. e5 d5 6. Bb5 Nd7 7. O-O Be7 8. Re1 O-O 9. Bxc6 bxc6 10. Nxd4 Nb8 11. Qf3 a5 12. Nc3 Ra6 13. Bd2 c5 14. Nf5 Bxf5 15. Qxf5 d4 16. Ne2 Qd7 17. Qxd7 Nxd7 18. Ng3 c4 19. f4 Bb4 20. c3 Bc5 21. Kf1 d3 22. Re4 Nb6 23. Nf5 a4 24. a3 Ra5 25. Be3 Rd8 26. Rd1 Kf8 27. Rd2 Kg8 28. g4 g6 29. Nd4 Raa8 30. Kf2 Bxd4 31. Bxd4 Rac8 32. Bc5 Rd5 33. Be7 Rd7 34. Bf6 Kf8 35. f5 Re8 36. Kf3 Kg8 37. h4 h6 38. e6 gxf5 39. gxf5 fxe6 40. fxe6 Rd6 41. Rg2+ Kf8 42. e7+ Kf7 43. Bd4 Rxd4 44. cxd4 Rxe7 45. Rxe7+ Kxe7 46. Rg6 Nd5 47. Rxh6 d2 48. Ke2 c3 49. bxc3 Nxc3+ 50. Kxd2 Nb1+ 51. Kd3 Nxa3 52. Ra6 Nb5 53. Rxa4 Nd6 54. Ra7 Kd7 55. h5 Nf7 56. Ra6 c6 57. Ra7+ Ke6 58. Rxf7 Kxf7 59. Kc4 1-0

[Event "4NCL Division Four"]
[Site "Warwick, ENG"]
[Date "2024.02.11"]
[Round "6.113"]
[White "Sengupta, Sohana"]
[Black "Lancaster, Roger"]
[Result "0-1"]
[WhiteElo "1268"]
[BlackElo "1955"]
[PlyCount "66"]
[EventDate "2024.02.11"]
[WhiteTeam "She Plays To Win Young Stars B"]
[BlackTeam "Watford A"]

1. e4 e6 2. d4 d5 3. e5 b6 4. Nf3 Ne7 5. Bd3 Ba6 6. O-O Bxd3 7. Qxd3 Nf5 8. Be3 c5 9. c3 c4 10. Qc2 Nc6 11. Nbd2 Rc8 12. Rfe1 Be7 13. Rac1 b5 14. Nf1 Qd7 15. Ng3 Nxg3 16. fxg3 O-O 17. Bf4 b4 18. Qd1 bxc3 19. bxc3 Rb8 20. Qc2 Rb6 21. Rb1 Rfb8 22. Rxb6 Rxb6 23. Rb1 Qb7 24. Rxb6 Qxb6 25. Ng5 Bxg5 26. Bxg5 Nxe5 27. Kf1 Nd3 28. Bf4 f6 29. h3 e5 30. dxe5 fxe5 31. Bc1 h6 32. Ba3 e4 33. Qe2 Qb1+ 0-1

[Event "4NCL Division Four"]
[Site "Warwick, ENG"]
[Date "2024.02.11"]
[Round "6.114"]
[White "Dairi, Ramsey"]
[Black "Tager, Maya"]
[Result "1-0"]
[WhiteElo "1817"]
[BlackElo "1259"]
[PlyCount "45"]
[EventDate "2024.02.11"]
[WhiteTeam "Watford A"]
[BlackTeam "She Plays To Win Young Stars B"]

1. e4 e5 2. Nf3 Nc6 3. Bc4 Be7 4. d4 exd4 5. Nxd4 Ne5 6. Bb3 Nf6 7. f4 Nc6 8. e5 Nxd4 9. Qxd4 Ng4 10. f5 h5 11. Qd5 O-O 12. O-O c6 13. Qf3 Nxe5 14. Qxh5 d5 15. Bf4 Nc4 16. Bxc4 dxc4 17. Nd2 b5 18. Nf3 Bf6 19. Rad1 Qb6+ 20. Kh1 Bxb2 21. Bd6 Rd8 22. Ng5 Rxd6 23. Qxf7+ 1-0

[Event "4NCL Division Four"]
[Site "Warwick, ENG"]
[Date "2024.02.11"]
[Round "6.115"]
[White "Lowe, Catherine"]
[Black "Davids, Ewan"]
[Result "1/2-1/2"]
[WhiteElo "1266"]
[BlackElo "1671"]
[PlyCount "48"]
[EventDate "2024.02.11"]
[WhiteTeam "She Plays To Win Young Stars B"]
[BlackTeam "Watford A"]

1. e4 c6 2. d4 d5 3. exd5 cxd5 4. Bd3 Nf6 5. c3 Nc6 6. Nf3 Bg4 7. Bf4 e6 8. O-O Bd6 9. Bxd6 Qxd6 10. Nbd2 O-O 11. Qc2 Qf4 12. Rae1 Qh6 13. Be2 Bf5 14. Bd3 Bxd3 15. Qxd3 a6 16. Qe3 Qxe3 17. Rxe3 Ng4 18. Re2 Rfe8 19. Rfe1 Ne7 20. h3 Nf6 21. Ne5 Nf5 22. g4 Nh4 23. Ndf3 Nxf3+ 24. Nxf3 Ne4 1/2-1/2

[Event "4NCL Division Four"]
[Site "Warwick, ENG"]
[Date "2024.02.11"]
[Round "6.116"]
[White "Salvi, Amit"]
[Black "Burgess, Rose"]
[Result "1-0"]
[WhiteElo "1490"]
[BlackElo "1219"]
[PlyCount "63"]
[EventDate "2024.02.11"]
[WhiteTeam "Watford A"]
[BlackTeam "She Plays To Win Young Stars B"]

1. e4 e5 2. f4 exf4 3. Nf3 Bc5 4. d4 Bb4+ 5. c3 Ba5 6. Bxf4 d5 7. e5 Bg4 8. Bd3 Qe7 9. O-O Nd7 10. Qb3 Bb6 11. a4 a5 12. Qxd5 Rb8 13. Kh1 h5 14. Nbd2 h4 15. h3 Be6 16. Qe4 c6 17. Rae1 Nh6 18. Bc4 Nf5 19. Kh2 g6 20. Bxe6 Qxe6 21. Ng5 Qa2 22. e6 fxe6 23. Bxb8 Nxb8 24. Nxe6 Kd7 25. Nc5+ Bxc5 26. dxc5 Na6 27. Rxf5 Nc7 28. Qe7+ Kc8 29. Rf8+ Rxf8 30. Qxf8+ Ne8 31. Rxe8+ Kd7 32. Qe7# 1-0

[Event "4NCL Division Four"]
[Site "Warwick, ENG"]
[Date "2024.02.11"]
[Round "6.121"]
[White "Robinson, James"]
[Black "Evans, Christopher J"]
[Result "1-0"]
[WhiteElo "1850"]
[BlackElo "1724"]
[PlyCount "91"]
[EventDate "2024.02.11"]
[WhiteTeam "Barnet Knights C"]
[BlackTeam "Oxford 4"]

1. d4 Nf6 2. Nf3 d6 3. h3 g6 4. Bf4 Bg7 5. e3 O-O 6. Be2 Nbd7 7. O-O Re8 8. Nbd2 c5 9. c3 b6 10. Qc2 Bb7 11. Rfe1 Rc8 12. Rac1 e5 13. dxe5 dxe5 14. Bg5 h6 15. Bh4 e4 16. Nh2 h5 17. Rcd1 Qc7 18. Nc4 Re6 19. Bg3 Qc6 20. Nd6 Rf8 21. Nxb7 Qxb7 22. Bc4 Rc6 23. a4 Re8 24. Nf1 a6 25. Qe2 Ra8 26. Rd2 Nf8 27. Red1 Ne6 28. Be5 Nf8 29. Bxf6 Bxf6 30. Bd5 Qc7 31. Bxe4 Re8 32. Bxc6 Qxc6 33. Rd6 Qxa4 34. Rxf6 Ne6 35. Rd2 Kg7 36. Rf3 f5 37. Qd1 Qb5 38. h4 Qc4 39. g3 Qg4 40. Nh2 Qc4 41. Rd7+ Kf6 42. Qd3 Qb3 43. g4 f4 44. g5+ Ke5 45. exf4+ Nxf4 46. Re3# 1-0

[Event "4NCL Division Four"]
[Site "Warwick, ENG"]
[Date "2024.02.11"]
[Round "6.122"]
[White "Staples, Neil"]
[Black "Sainbayar, Tserendorj"]
[Result "1/2-1/2"]
[WhiteElo "1742"]
[BlackElo "1938"]
[PlyCount "53"]
[EventDate "2024.02.11"]
[WhiteTeam "Oxford 4"]
[BlackTeam "Barnet Knights C"]

1. c4 f5 2. b3 Nf6 3. Bb2 e6 4. g3 Bd6 5. Bg2 a5 6. Nc3 c6 7. e3 Na6 8. Nge2 Rb8 9. d4 Qe7 10. O-O b5 11. c5 Bc7 12. Rc1 Nb4 13. a3 Nbd5 14. Nxd5 cxd5 15. b4 Bb7 16. Nf4 O-O 17. Qe2 Ra8 18. Ra1 axb4 19. axb4 Bc6 20. Rxa8 Rxa8 21. Ra1 Qe8 22. Qd1 g5 23. Ne2 Qb8 24. Rxa8 Qxa8 25. Qa1 Qxa1+ 26. Bxa1 Ne4 27. Bxe4 1/2-1/2

[Event "4NCL Division Four"]
[Site "Warwick, ENG"]
[Date "2024.02.11"]
[Round "6.123"]
[White "Page, Thomas"]
[Black "Beckett, Richard"]
[Result "1-0"]
[WhiteElo "1787"]
[BlackElo "1661"]
[Annotator "famil"]
[PlyCount "67"]
[EventDate "2024.02.11"]
[WhiteTeam "Barnet Knights C"]
[BlackTeam "Oxford 4"]

1. e4 c5 2. Nf3 d6 3. d4 cxd4 4. Nxd4 Nf6 5. Nc3 a6 6. Be2 e5 7. Nb3 Be6 8. Be3 Be7 9. f3 O-O 10. Qd2 Nbd7 11. g4 b5 12. h4 b4 13. Nd5 Bxd5 14. exd5 a5 15. c4 bxc3 16. bxc3 a4 17. Nc1 Nb6 18. c4 Qc7 19. Bxb6 Qxb6 20. Nd3 e4 21. Nb4 e3 22. Qc3 Nxg4 23. Rb1 Bf6 24. Qc2 Nf2 25. Nc6 Qc7 26. Rh2 Rfe8 27. Rb4 a3 28. Ra4 Rxa4 29. Qxa4 Qb6 30. Qb5 Qc7 31. h5 Qd7 32. Qb4 Qf5 33. Kf1 Qf4 34. Rg2 {the scoresheets are indecipherable after this point} 1-0

[Event "4NCL Division Four"]
[Site "Warwick, ENG"]
[Date "2024.02.11"]
[Round "6.124"]
[White "Rumsby, Stephen"]
[Black "Bloom, Paul"]
[Result "0-1"]
[WhiteElo "1538"]
[BlackElo "1740"]
[PlyCount "130"]
[EventDate "2024.02.11"]
[WhiteTeam "Oxford 4"]
[BlackTeam "Barnet Knights C"]

1. e4 c6 2. d4 d5 3. Nd2 dxe4 4. Nxe4 Nf6 5. Nxf6+ exf6 6. Nf3 Bd6 7. Be2 O-O 8. O-O Bf5 9. c3 Nd7 10. Be3 Re8 11. Qd2 Nb6 12. c4 Bb8 13. Rfe1 Be4 14. b3 Qc7 15. g3 Qd7 16. Nh4 g5 17. Bxg5 fxg5 18. Qxg5+ Bg6 19. Bg4 Qd8 20. Rxe8+ Qxe8 21. Rf1 Bc7 22. Bf5 Bd8 23. Qg4 Bxh4 24. gxh4 Kh8 25. Bxg6 fxg6 26. d5 cxd5 27. Qd4+ Kg8 28. c5 Nd7 29. Qxd5+ Qf7 30. Qxb7 Rf8 31. Qc7 Qf5 32. c6 Ne5 33. Qd6 Nf3+ 34. Kh1 Qh3 35. Rc1 Nxh4 36. Qg3 Qxg3 37. hxg3 Nf5 38. Kg2 Rc8 39. b4 Nd4 40. c7 Ne6 41. a4 Rxc7 42. Rxc7 Nxc7 43. Kf3 Kf7 44. Ke4 Ke6 45. Kd4 Kd6 46. f4 h6 47. g4 Nd5 48. Ke4 Nxb4 49. f5 gxf5+ 50. Kxf5 Nd5 51. Kg6 Ne3 52. g5 hxg5 53. Kxg5 a5 54. Kf4 Nc4 55. Ke4 Kc5 56. Kd3 Kb4 57. Kc2 Kxa4 58. Kc3 Ne3 59. Kb2 Kb4 60. Ka2 a4 61. Kb2 Nc4+ 62. Ka2 a3 63. Ka1 Kb3 64. Kb1 Kc3 65. Ka1 Nd2 0-1

[Event "4NCL Division Four"]
[Site "Warwick, ENG"]
[Date "2024.02.11"]
[Round "6.125"]
[White "McLean, Rory"]
[Black "Kocan, Barry A"]
[Result "0-1"]
[WhiteElo "1739"]
[BlackElo "1516"]
[Annotator "famil"]
[PlyCount "102"]
[EventDate "2024.02.11"]
[WhiteTeam "Barnet Knights C"]
[BlackTeam "Oxford 4"]

1. d4 Nf6 2. c4 g6 3. f3 Bg7 4. e4 d6 5. Nc3 O-O 6. Be3 Nbd7 7. Qd2 e5 8. Nge2 Re8 9. O-O-O Nb6 10. b3 Bd7 11. g4 a5 12. Ng3 Kh8 13. Bh6 a4 14. Bxg7+ Kxg7 15. b4 a3 16. h4 Na4 17. h5 Ng8 18. hxg6 fxg6 19. dxe5 Nxc3 20. Qxc3 Qg5+ 21. Kb1 Qxe5 22. Qxe5+ Rxe5 23. f4 Re7 24. f5 Ra4 25. b5 Nf6 26. g5 Nxe4 27. f6+ Nxf6 28. gxf6+ Kxf6 29. Bd3 Rb4+ 30. Kc1 Re3 31. Ne4+ Kg7 32. Rhe1 Rxe1 33. Rxe1 Bf5 34. Re2 h5 35. Kd2 Bxe4 36. Bxe4 Rb2+ 37. Kd3 Rxe2 38. Kxe2 b6 39. Kf3 g5 40. Bc6 Kf6 41. Be8 Ke5 42. Bxh5 Kd4 43. Bf7 Kc3 44. Ke3 Kb2 45. Kd2 Kxa2 46. Kc2 Ka1 47. Bd5 Ka2 48. c5+ Ka1 49. cxd6 cxd6 50. Kc1 a2 51. Kc2 g4 {after several more moves Black won} 0-1

[Event "4NCL Division Four"]
[Site "Warwick, ENG"]
[Date "2024.02.11"]
[Round "6.126"]
[White "Matilal, Tamal"]
[Black "Page, Cristina"]
[Result "1-0"]
[WhiteElo "1322"]
[BlackElo "994"]
[PlyCount "45"]
[EventDate "2024.02.11"]
[WhiteTeam "Oxford 4"]
[BlackTeam "Barnet Knights C"]

1. Nf3 e6 2. a3 d5 3. b4 c5 4. Bb2 f6 5. bxc5 Bxc5 6. d4 Qb6 7. Qc1 Bd6 8. Nbd2 Ne7 9. e4 dxe4 10. Nxe4 O-O 11. Bd3 Nf5 12. Nxd6 Qxd6 13. Bxf5 exf5 14. O-O b6 15. a4 Re8 16. Ba3 Qc6 17. Re1 Rd8 18. Qb2 Bb7 19. Qa2+ Kh8 20. Re7 Na6 21. Qf7 Rg8 22. Rxb7 Rgf8 23. Bxf8 1-0

[Event "4NCL Division Four"]
[Site "Warwick, ENG"]
[Date "2024.02.11"]
[Round "6.131"]
[White "Patel, Ananya"]
[Black "Collins, Nigel"]
[Result "1/2-1/2"]
[WhiteElo "1429"]
[BlackElo "1504"]
[PlyCount "40"]
[EventDate "2024.02.11"]
[WhiteTeam "Watford B"]
[BlackTeam "War and Piece B"]

1. c4 g6 2. g3 Bg7 3. Bg2 c5 4. Nc3 Nc6 5. Nf3 e5 6. e3 Nge7 7. O-O O-O 8. b3
d6 9. Bb2 f5 10. e4 f4 11. Nd5 fxg3 12. fxg3 Nxd5 13. exd5 Nd4 14. Nxd4 exd4
15. d3 Bf5 16. Ba3 Qd7 17. Qd2 Rac8 18. Rae1 Rfe8 19. Kh1 b6 20. Be4 Bxe4+
1/2-1/2

[Event "4NCL Division Four"]
[Site "Warwick, ENG"]
[Date "2024.02.11"]
[Round "6.132"]
[White "Blair, Jimmy"]
[Black "Kataria, Dhairya"]
[Result "0-1"]
[WhiteElo "1477"]
[BlackElo "1298"]
[PlyCount "86"]
[EventDate "2024.02.11"]
[WhiteTeam "War and Piece B"]
[BlackTeam "Watford B"]

1. e4 c6 2. Nf3 d5 3. e5 e6 4. d4 c5 5. Bb5+ Nc6 6. O-O a6 7. Bxc6+ bxc6 8. c3 cxd4 9. cxd4 Ne7 10. Bg5 Qb6 11. Nc3 Qxb2 12. Na4 Qb8 13. Rb1 Qc7 14. Qd2 Nf5 15. g4 Ne7 16. Bf4 Ng6 17. Bg3 Be7 18. h4 h5 19. g5 Bd7 20. Nb6 Ra7 21. Nxd7 Kxd7 22. Qd3 Rb8 23. Rxb8 Qxb8 24. Nd2 Nh8 25. f4 g6 26. Nb3 Qb5 27. Qf3 Bb4 28. f5 exf5 29. Rb1 Qa4 30. Be1 Be7 31. Nc5+ Bxc5 32. dxc5 Qd4+ 33. Bf2 Qxe5 34. Bg3 Qd4+ 35. Bf2 Qe4 36. Qxe4 fxe4 37. Rb8 Ke7 38. Rxh8 Rb7 39. Ra8 Rb1+ 40. Kg2 Rb2 41. Kg3 Rxa2 42. Bd4 Ra3+ 43. Kf4 Rf3+ 0-1

[Event "4NCL Division Four"]
[Site "Warwick, ENG"]
[Date "2024.02.11"]
[Round "6.133"]
[White "Patel, Aashna"]
[Black "Charles, Steven"]
[Result "0-1"]
[WhiteElo "1271"]
[BlackElo "1429"]
[PlyCount "68"]
[EventDate "2024.02.11"]
[WhiteTeam "Watford B"]
[BlackTeam "War and Piece B"]

1. c4 c5 2. g3 g6 3. Bg2 Bg7 4. Nf3 Nf6 5. Nc3 Nc6 6. O-O O-O 7. b3 b6 8. Rb1 Rb8 9. d4 cxd4 10. Nxd4 Nxd4 11. Qxd4 Bb7 12. Qd3 Qc8 13. Ba3 Bxg2 14. Kxg2 Qb7+ 15. Kg1 d6 16. Bb2 Rfe8 17. Ne4 Qxe4 18. Bxf6 Qxd3 19. exd3 Bxf6 20. Rfe1 Bd4 21. Re4 e5 22. Rbe1 f5 23. R4e2 Kf7 24. Kg2 b5 25. f4 exf4 26. cxb5 Rxe2+ 27. Rxe2 fxg3 28. hxg3 Rxb5 29. Rc2 Rc5 30. Re2 Rc3 31. Rd2 Be3 32. Rd1 Rc2+ 33. Kf3 Bd4 34. a4 Rf2# 0-1

[Event "4NCL Division Four"]
[Site "Warwick, ENG"]
[Date "2024.02.11"]
[Round "6.134"]
[White "Rogers, Jonathan"]
[Black "Dairi, Mahmoud"]
[Result "0-1"]
[WhiteElo "1400"]
[BlackElo "1308"]
[PlyCount "88"]
[EventDate "2024.02.11"]
[WhiteTeam "War and Piece B"]
[BlackTeam "Watford B"]

1. d4 f5 2. Nc3 Nf6 3. Bf4 e6 4. e3 Bb4 5. Bd3 Bxc3+ 6. bxc3 b6 7. Nf3 Bb7 8. Rg1 Nc6 9. h3 Nd5 10. Bg5 Nf6 11. g4 h6 12. Bf4 g5 13. Be5 Nxe5 14. dxe5 Ne4 15. gxf5 exf5 16. Nd4 Qe7 17. Qh5+ Qf7 18. Qf3 O-O-O 19. Nxf5 Kb8 20. Bxe4 Bxe4 21. Qxe4 Rhf8 22. Kd1 Qxf5 23. Qxf5 Rxf5 24. e6 d6 25. h4 Re8 26. hxg5 hxg5 27. f4 gxf4 28. Rg6 fxe3 29. Ke2 Re5 30. Rag1 R5xe6 31. Rg7 R6e7 32. Rg8 Kb7 33. c4 Re4 34. R1g4 Rxg4 35. Rxg4 c5 36. a4 Ka6 37. Rg6 Ka5 38. Rxd6 Kxa4 39. c3 Kb3 40. Rd1 Kxc4 41. Ra1 Kxc3 42. Ra3+ Kb4 43. Ra1 Kb5 44. Rb1+ Kc6 0-1